| 000 | 00799nam a2200229 a 4500 | ||
|---|---|---|---|
| 005 | 20241001063838.0 | ||
| 008 | 010621s2000 es r 000 0 spa d | ||
| 020 | _a8474327210 | ||
| 035 | _aUPN01000108740 | ||
| 049 | _aCG | ||
| 050 | 4 |
_aLB2331 _bB3.28 |
|
| 100 | 1 | _aBateman, Walter L. | |
| 245 | 1 | 0 |
_aAlumnos curiosos : _bpreguntas para aprender y preguntas para enseñar / _cWalter L. Bateman ; tr. Claudia Calvosa. |
| 260 |
_aBarcelona, Esp. : _bGedisa, _c2000. |
||
| 300 | _a253 p. | ||
| 440 | 0 |
_aBiblioteca de educación. _pDidáctica general ; _v2 |
|
| 534 |
_pTaducción de: _tOpen to question : the art of teaching and learning |
||
| 650 | 4 |
_aTécnicas de enseñanza _95713 |
|
| 650 | 4 | _aTECNICAS DE PREGUNTAS | |
| 650 | 2 |
_aIndagación (Teoría del conocimiento) _9395 |
|
| 905 | _aLibro | ||
| 999 |
_c82651 _d82651 |
||